Представление документа в формате MARC21

Поле Инд. ПП Название Значение
Тип записи a
Библиографический уровень m
001 Контрольный номер RU/IS/BASE/367686662
005 Дата корректировки 20220805121051.6
040 b Код языка каталог. rus
041 0_ a Код языка текста rus
080 a Индекс УДК 004.42
084 a Индекс другой классификации/Индекс ББК 32.973.26-018.2
090 a Полочн. индекс 681.3
c Каталожный индекс 681.3.066:681.326.7
x Авторский знак Р51
097 b Оператор 11
100 1_ a Автор Риндфлайш Д.
245 10 a Заглавие Отладка программ в системах 360/370 на основе дампов памяти операционной системы
c Ответственность пер. с англ. Н. М. Сауха ; под ред. А. Е. Костина
260 a Место издания М.
b Издательство Машиностроение
c Дата издания 1982
300 a Объем 143 с.
510 a Примечание о ссылках Книги и методические пособия
650 a Основная рубрика 50.41 Программное обеспечение вычислительных машин, комплексов и сетей
x Основная подрубрика 50.41.23 Программное обеспечение вычислительных сетей
653 a Ключевые слова вычислительные системы; операционные системы; программы (выч. техника); отладка программ
901 t Тип документа m